000 00293nam a2200121Ia 4500
005 20251222142009.0
008 251222s9999||||xx |||||||||||||| ||spa||
082 _a658.402/C24
100 _aCampoverde Ayres, José
245 0 _aEficacia con D.O.
264 _bTécnico Gestión
942 _cLIB
999 _c10268
_d10268